[Event "Mittelfrankenliga-B2a 0506"]
[Site "Germany"]
[Date "2005.10.16"]
[Round "1.6"]
[White "Collin, Klaus"]
[Black "Zimmer, Frank"]
[Result "1-0"]
[WhiteElo "1856"]
[BlackElo "1807"]
[PlyCount "73"]
[EventDate "2005.10.16"]
[EventType "team"]
[EventRounds "9"]
[EventCountry "GER"]
[SourceTitle "EXT 2007"]
[Source "ChessBase"]
[SourceDate "2006.11.23"]
[SourceVersion "1"]
[SourceVersionDate "2006.11.23"]
[SourceQuality "1"]

1. d4 Nf6 2. c4 g6 3. Nc3 Bg7 4. e4 0-0 5. Nf3 d6 6. Be2 e5 7. d5 a5 8. 0-0 Bg4 9. Ne1 Bxe2 10. Qxe2 Nh5 11. Nd3 Nd7 12. Be3 b6 13. a3 Nc5 14. Nxc5 bxc5 15. Rab1 Qd7 16. f3 Nf4 17. Qd2 f5 18. b4 fxe4 19. Nxe4 axb4 20. axb4 cxb4 21. Rxb4 Ra4 22. Rfb1 Rxb4 23. Rxb4 Ra8 24. Bxf4 exf4 25. Qxf4 Ra1+ 26. Kf2 Ra2+ 27. Kf1 Ra1+ 28. Ke2 Ra2+ 29. Kf1 Ra1+ 30. Kf2 Ra2+ 31. Kg3 Qd8 32. Qg4 Be5+ 33. Kh3 Kg7 34. Ng5 Qf6 35. Ne6+ Kf7 36. Rb7 h5 37. Ng5+ 1-0

[Event "Mittelfranken-chT 0405"]
[Site "Germany"]
[Date "2005.01.23"]
[Round "5.5"]
[White "Collin, Klaus"]
[Black "Churt, Kerstin"]
[Result "1/2-1/2"]
[WhiteElo "1883"]
[BlackElo "1795"]
[PlyCount "67"]
[EventDate "2004.10.17"]
[EventType "team"]
[EventRounds "9"]
[EventCountry "GER"]
[SourceTitle "EXT 2007"]
[Source "ChessBase"]
[SourceDate "2006.11.23"]
[SourceVersion "1"]
[SourceVersionDate "2006.11.23"]
[SourceQuality "1"]

1. d4 d5 2. e4 dxe4 3. Nc3 Nf6 4. f3 exf3 5. Nxf3 c6 6. Bc4 e6 7. 0-0 Be7 8. Bg5 0-0 9. Bd3 Nbd7 10. Qe1 Re8 11. Qh4 Nf8 12. Kh1 a6 13. Ne5 Ng6 14. Qf2 Rf8 15. Rad1 Ng4 16. Nxg4 Bxg5 17. Bxg6 hxg6 18. Ne5 Qe8 19. Ne4 Be7 20. Qg3 g5 21. Nc4 b5 22. Nb6 Ra7 23. Nxc8 Qxc8 24. Nxg5 Bxg5 25. Qxg5 f5 26. Rf3 Qd8 27. Qe3 Qf6 28. Rdf1 Rd7 29. c3 g6 30. Re1 Re8 31. g4 Rh7 32. gxf5 Qh4 33. Qg1 g5 34. Rg3 1/2-1/2